000 00214 a2200097 4500
001 11160
100 _aMir Laik Ali
245 _aTragedy of Hyderabad
260 _a
_bPakistan Co-Operative
_c
090 _c8714
_d8714
942 _aNUST-CAE
_cM
_c35505
999 _c246233
_d246233